| 000 | 01234nam a2200229Ii 4500 | ||
|---|---|---|---|
| 003 | JO-AjNU | ||
| 005 | 20240623125725.0 | ||
| 008 | 230605s9999||||xx |||||||||||||| ||und|| | ||
| 040 |
_aJO-AjNU _bara _erda _cJO-AjNU |
||
| 041 | _aara | ||
| 100 |
_aالخصاونة، يحيى عبد الله محمود _965006 _eمعد |
||
| 245 |
_aمحاسبة المصارف والمؤسسات المالية الاسلامية : حالة الأردن = Accounting of Islamic Banks and Financial Institutions : The Case of Jordan / _c اعداد يحيى عبدالله محمود الخصاونة ؛ اشراف تركي راجي الحمود |
||
| 260 | _c2011 | ||
| 300 | _a258 ورقة | ||
| 336 |
_atext _btxt _2rdacontent |
||
| 337 |
_aunmediated _bn _2rdamedia |
||
| 338 |
_avolume _bnc _2rdacarrier |
||
| 500 | _aرسالة جامعية (ماجستير) .- جامعة اليرموك (إربد ، الأردن)، كلية الشريعة والدراسات الاسلامية ، قسم الاقتصاد والمصارف الاسلامية، 2011 | ||
| 650 | _vالبنوك الاسلامية-محاسبة-الاقتصاد الاسلامي-الاردن | ||
| 700 | 1 |
_aالحمود، تركي راجي _964635 _eمشرف |
|
| 942 |
_2lcc _cTHS |
||
| 999 |
_c32971 _d32971 |
||